| 000 | 00465nam a2200145 4500 | ||
|---|---|---|---|
| 008 | 150922b xxu||||| |||| 00| 0 eng d | ||
| 020 | _a9781133271185 | ||
| 050 | _aQA 39.3 .W36 2011 | ||
| 100 |
_aWaner, Stefan. _d2011 |
||
| 245 |
_aFinite Mathematics: _cStefan, Waner R. |
||
| 260 |
_aMexico: _bCengage Learning, _c2011. |
||
| 300 |
_a394[57]p.: ill. _bIncludes Index. |
||
| 700 | _aCostenoble, Steven R. | ||
| 942 |
_2lcc _cBOOKS _hQA 39.3 .W36 2011 |
||
| 999 |
_c6213 _d6213 |
||